El cine soviético visto por sus creadores / (Record no. 44712)

MARC details
000 -LEADER
campo de control de longitud fija 00913nam a2200277 i 4500
001 - NÚMERO DE CONTROL
campo de control 44712
003 - IDENTIFICADOR DE NÚMERO DE CONTROL
campo de control ES-MaACL
005 - FECHA Y HORA DE LA ÚLTIMA TRANSACCIÓN
campo de control 20230906161100.0
007 - CAMPO FIJO DE DESCRIPCIÓN FÍSICA--INFORMACIÓN GENERAL
campo de control de longitud fija t|
008 - DATOS DE LONGITUD FIJA--INFORMACIÓN GENERAL
campo de control de longitud fija 030324s1975 sp ||||1| spa d
020 ## - NÚMERO INTERNACIONAL ESTÁNDAR DEL LIBRO
Número Internacional Estándar del Libro 84-301-0641-3
100 0# - ENTRADA PRINCIPAL--NOMBRE DE PERSONA
Nombre de persona Schnitzer, Luda.
9 (RLIN) 104592
245 13 - MENCIÓN DEL TÍTULO
Título El cine soviético visto por sus creadores /
Mención de responsabilidad, etc. Luda y Jean Schnitzer, Marcel Martin ; prólogo, Miquel Porter i Moix ; [tradujeron Loly Morán y Juan Antonio P. Millán].
260 ## - PUBLICACIÓN, DISTRIBUCIÓN, ETC.
Lugar de publicación, distribución, etc. Salamanca :
Nombre del editor, distribuidor, etc. Sígueme,
Fecha de publicación, distribución, etc. 1975.
300 ## - DESCRIPCIÓN FÍSICA
Extensión 228 p., 8 lám. ;
Dimensiones 21 cm.
490 1# - MENCIÓN DE SERIE
Mención de serie Zoom ;
Designación de volumen o secuencia 1
650 #4 - PUNTO DE ACCESO ADICIONAL DE MATERIA--TÉRMINO DE MATERIA
Término de materia o nombre geográfico como elemento de entrada Cine-
Subdivisión geográfica URSS.
9 (RLIN) 171040
700 1# - ENTRADA AGREGADA--NOMBRE PERSONAL
Nombre de persona Schnitzer, Jean.
9 (RLIN) 104591
700 1# - ENTRADA AGREGADA--NOMBRE PERSONAL
Nombre de persona Martín, Marcel.
9 (RLIN) 77346
700 1# - ENTRADA AGREGADA--NOMBRE PERSONAL
Nombre de persona Porter i Moix, Miquel.
9 (RLIN) 93234
700 1# - ENTRADA AGREGADA--NOMBRE PERSONAL
Nombre de persona Morán, Loly.
9 (RLIN) 83107
700 1# - ENTRADA AGREGADA--NOMBRE PERSONAL
Nombre de persona Millán, Juan Antonio P.
9 (RLIN) 81132
830 1# - PUNTO DE ACCESO ADICIONAL DE SERIE-TÍTULO UNIFORME
Título uniforme Zoom ;
Designación de volumen o secuencia 1
9 (RLIN) 184421
852 ## - LOCALIZACIÓN
Ubicación ES-MaACL
Número de control de estantería E-7993
Holdings
Estatus retirado Estado de pérdida Estado de daño No para préstamo Biblioteca de origen Biblioteca actual Ubicación en estantería Fecha de adquisición Fuente de adquisición Total de préstamos Signatura topográfica completa Código de barras Visto por última vez Precio de reemplazo Tipo de ítem Koha
        Biblioteca del Ateneo de Madrid Biblioteca del Ateneo de Madrid Depósito 2 17/01/2008     E-7993 1047058 23/02/2023 23/02/2023 Libro impreso